Detalles MARC
| 000 -LEADER |
| fixed length control field |
01727nam a2200433Ii 4500 |
| 001 - CONTROL NUMBER |
| control field |
DIG0000091 |
| 003 - CONTROL NUMBER IDENTIFIER |
| control field |
NyNyDIG |
| 006 - FIXED-LENGTH DATA ELEMENTS--ADDITIONAL MATERIAL CHARACTERISTICS |
| fixed length control field |
m o d |
| 007 - PHYSICAL DESCRIPTION FIXED FIELD--GENERAL INFORMATION |
| fixed length control field |
cr ||||||||||| |
| 008 - FIXED-LENGTH DATA ELEMENTS--GENERAL INFORMATION |
| fixed length control field |
030725s2003 sp a o 000 0 spa d |
| 020 ## - INTERNATIONAL STANDARD BOOK NUMBER |
| Canceled/invalid ISBN |
8495839393 |
| 020 ## - INTERNATIONAL STANDARD BOOK NUMBER |
| Canceled/invalid ISBN |
9788495839398 |
| 035 ## - SYSTEM CONTROL NUMBER |
| System control number |
(OCoLC)875214338 |
| 040 ## - CATALOGING SOURCE |
| Original cataloging agency |
DGITA |
| Language of cataloging |
eng |
| Description conventions |
pn |
| Transcribing agency |
DGITA |
| 043 ## - GEOGRAPHIC AREA CODE |
| Geographic area code |
e-sp--- |
| 050 14 - LIBRARY OF CONGRESS CALL NUMBER |
| Classification number |
ND1158.M66 eBook |
| 100 1# - MAIN ENTRY--PERSONAL NAME |
| Personal name |
Borau, José Luis, |
| Dates associated with a name |
1929- |
| 245 13 - TITLE STATEMENT |
| Title |
La pintura en el cine, el cine en la pintura / |
| Statement of responsibility, etc. |
José Luís Borau ; prólogo, Francisco Calvo Serraller. |
| 250 ## - EDITION STATEMENT |
| Edition statement |
1. ed. |
| 264 #1 - PRODUCTION, PUBLICATION, DISTRIBUTION, MANUFACTURE, AND COPYRIGHT NOTICE |
| Place of production, publication, distribution, manufacture |
Madrid : |
| Name of producer, publisher, distributor, manufacturer |
Ocho y Medio, Libros de Cine, |
| Date of production, publication, distribution, manufacture, or copyright notice |
2003. |
| 300 ## - PHYSICAL DESCRIPTION |
| Extent |
1 online resource (187 pages) : |
| Other physical details |
ill. |
| 336 ## - CONTENT TYPE |
| Content type term |
text |
| Content type code |
txt |
| Source |
rdacontent |
| 337 ## - MEDIA TYPE |
| Media type term |
computer |
| Media type code |
c |
| Source |
rdamedia |
| 338 ## - CARRIER TYPE |
| Carrier type term |
online resource |
| Carrier type code |
cr |
| Source |
rdacarrier |
| 490 1# - SERIES STATEMENT |
| Series statement |
Farenheit 451 ; |
| Volume/sequential designation |
1 |
| 500 ## - GENERAL NOTE |
| General note |
"Discursos de ingreso en las RR.AA. de Bellas Artes de San Luis y de San Fernando [26 de octubre 2001 y 21 de abril, 2001], con los de contestación correspondientes [por los señores José Pasqual de Quinto de Los Ríos y Luis García-Berlanga Martí]." |
| 500 ## - GENERAL NOTE |
| General note |
Includes index. |
| 610 20 - SUBJECT ADDED ENTRY--CORPORATE NAME |
| Corporate name or jurisdiction name as entry element |
Real Academia de Bellas Artes de San Fernando. |
| 650 #0 - SUBJECT ADDED ENTRY--TOPICAL TERM |
| Topical term or geographic name entry element |
Painting and motion pictures. |
| 650 #0 - SUBJECT ADDED ENTRY--TOPICAL TERM |
| Topical term or geographic name entry element |
Painting, Modern |
| Chronological subdivision |
20th century |
| General subdivision |
Themes, motives. |
| 655 #0 - INDEX TERM--GENRE/FORM |
| Genre/form data or focus term |
Electronic books. |
| 700 1# - ADDED ENTRY--PERSONAL NAME |
| Personal name |
Calvo Serraller, Francisco, |
| Dates associated with a name |
1948- |
| 791 2# - |
| -- |
Digitalia (Firm), |
| -- |
distributor. |
| 793 0# - |
| -- |
Digitalia eBook Collection: |
| -- |
Ocho y Medio. |
| 830 #0 - SERIES ADDED ENTRY--UNIFORM TITLE |
| Uniform title |
Fahrenheit 451 (Madrid, Spain) ; |
| Volume/sequential designation |
1. |
| 856 40 - ELECTRONIC LOCATION AND ACCESS |
| Materials specified |
Digitalia Hispánica |
| Uniform Resource Identifier |
<a href="https://www.digitaliapublishing.com/a/405/">https://www.digitaliapublishing.com/a/405/</a> |
| 910 ## - USER-OPTION DATA (OCLC) |
| User-option data |
Premium Collection: 2007-2012 |
| 942 ## - ADDED ENTRY ELEMENTS (KOHA) |
| Koha item type |
Recurso Electrónico |